000 00492nam a2200157Ia 4500
008 151213s9999 xx 000 0 und d
100 _aR. K. Agarwala , Dr. S. K. Singh. & T. N. Sapru
245 _aHindu Law ( Codified Undodifred)
_cR. K. Agarwala , Dr. S. K. Singh. & T. N. Sapru
250 _a21st
260 _aAlahabad
_bCentral Law Agency
_c2003
300 _a3732 p.
650 _aLaw
650 _aLaw
700 _aR. K. Agarwala , Dr. S. K. Singh. & T. N. Sapru
999 _c2470
_d2470